每个省级行政区人口最多的5个县级行政区(城市点位地图版) - Statistics

General Stats
  • This quiz has been taken 14 times
  • The average score is 107 of 155
Answers on the Map
Answers color-coded by a green-red scale on the quiz's map according to % correct below.
 
Answer Stats
省级行政区 地级行政区 人口 县级行政区 % Correct
北京市 (直辖) 3452460 朝阳区
100%
北京市 (直辖) 3133469 海淀区
100%
北京市 (直辖) 1993591 大兴区
100%
天津市 (直辖) 1973752 滨海新区
100%
天津市 (直辖) 936322 东丽区
100%
吉林省 长春市 1074628 朝阳区
100%
上海市 (直辖) 5681512 浦东新区
100%
天津市 (直辖) 1180770 西青区
92%
上海市 (直辖) 2653489 闵行区
92%
上海市 (直辖) 2235218 宝山区
92%
上海市 (直辖) 1909713 松江区
92%
上海市 (直辖) 1834258 嘉定区
92%
江苏省 苏州市 2092496 昆山市
92%
江苏省 苏州市 2058010 姑苏区
92%
江苏省 无锡市 1779515 江阴市
92%
浙江省 杭州市 2011699 萧山区
92%
浙江省 金华市 1859390 义乌市
92%
浙江省 宁波市 1588187 鄞州区
92%
湖南省 长沙市 1374491 长沙县
92%
广东省 深圳市 4476554 宝安区
92%
广东省 广州市 3742991 白云区
92%
广东省 佛山市 3667247 南海区
92%
北京市 (直辖) 2269487 昌平区
85%
天津市 (直辖) 1153235 武清区
85%
山西省 太原市 1357242 小店区
85%
黑龙江省 哈尔滨市 1097430 道里区
85%
江苏省 南京市 1926117 江宁区
85%
江苏省 常州市 1697380 武进区
85%
浙江省 宁波市 1829488 慈溪市
85%
安徽省 合肥市 1874930 蜀山区
85%
福建省 泉州市 2061551 晋江市
85%
福建省 福州市 1390487 福清市
85%
福建省 厦门市 1073315 思明区
85%
江西省 南昌市 1452502 南昌县
85%
山东省 青岛市 1903595 黄岛区
85%
山东省 济南市 1640000 历城区
85%
河南省 郑州市 2145588 金水区
85%
河南省 郑州市 1465000 新郑市
85%
湖北省 武汉市 2554403 洪山区
85%
湖北省 (直辖) 1268715 仙桃市
85%
湖南省 长沙市 1429384 浏阳市
85%
湖南省 长沙市 1264895 雨花区
85%
湖南省 长沙市 1263332 宁乡市
85%
广东省 佛山市 3229090 顺德区
85%
重庆市 (直辖) 2191493 渝北区
85%
重庆市 (直辖) 1564449 万州区
85%
重庆市 (直辖) 1526821 九龙坡区
85%
重庆市 (直辖) 1477345 沙坪坝区
85%
四川省 成都市 1855186 武侯区
85%
青海省 西宁市 489372 城东区
85%
青海省 西宁市 417701 城北区
85%
新疆维吾尔自治区 喀什地区 782662 喀什市
85%
北京市 (直辖) 2019764 丰台区
77%
天津市 (直辖) 928066 津南区
77%
河北省 石家庄市 1059572 长安区
77%
内蒙古自治区 包头市 719255 青山区
77%
吉林省 长春市 862313 公主岭市
77%
浙江省 温州市 1520386 瑞安市
77%
福建省 福州市 1142991 仓山区
77%
湖北省 (直辖) 1158640 天门市
77%
湖北省 武汉市 1151644 黄陂区
77%
重庆市 (直辖) 1359611 江津区
77%
四川省 成都市 2659829 双流区
77%
四川省 成都市 1381894 成华区
77%
云南省 昆明市 1602279 官渡区
77%
云南省 昆明市 1143085 五华区
77%
西藏自治区 拉萨市 478275 城关区
77%
陕西省 西安市 1891363 未央区
77%
陕西省 西安市 1751296 长安区
77%
甘肃省 兰州市 1484016 城关区
77%
青海省 西宁市 395043 湟中区
77%
河北省 保定市 1095986 定州市
69%
山西省 太原市 951238 万柏林区
69%
辽宁省 大连市 1798458 甘井子区
69%
辽宁省 大连市 1545491 金州区
69%
辽宁省 沈阳市 1335935 铁西区
69%
黑龙江省 哈尔滨市 1390679 南岗区
69%
黑龙江省 哈尔滨市 811178 道外区
69%
黑龙江省 哈尔滨市 769997 呼兰区
69%
福建省 泉州市 1517514 南安市
69%
江西省 赣州市 1123276 章贡区
69%
河南省 郑州市 1508868 中原区
69%
河南省 郑州市 1415000 中牟县
69%
湖南省 长沙市 1526641 岳麓区
69%
广东省 深圳市 3979037 龙岗区
69%
海南省 海口市 853013 美兰区
69%
海南省 海口市 797684 龙华区
69%
海南省 (直辖) 560894 文昌市
69%
四川省 成都市 1672025 郫都区
69%
贵州省 六盘水市 1074073 盘州市
69%
陕西省 西安市 2046737 雁塔区
69%
新疆维吾尔自治区 巴音郭楞蒙古自治州 779352 库尔勒市
69%
河北省 石家庄市 1041205 裕华区
62%
吉林省 长春市 1032897 绿园区
62%
山东省 菏泽市 1600000 牡丹区
62%
山东省 枣庄市 1574648 滕州市
62%
湖北省 武汉市 1308469 江夏区
62%
广西壮族自治区 贵港市 1511011 桂平市
62%
四川省 成都市 1558466 新都区
62%
贵州省 毕节市 1305066 七星关区
62%
云南省 曲靖市 1189813 宣威市
62%
陕西省 西安市 1019102 莲湖区
62%
甘肃省 兰州市 712271 七里河区
62%
宁夏回族自治区 银川市 808282 兴庆区
62%
宁夏回族自治区 银川市 449559 西夏区
62%
新疆维吾尔自治区 乌鲁木齐市 1011440 新市区
62%
山西省 大同市 1105699 平城区
54%
山西省 运城市 928334 盐湖区
54%
内蒙古自治区 通辽市 921808 科尔沁区
54%
内蒙古自治区 呼和浩特市 885321 赛罕区
54%
内蒙古自治区 包头市 787681 昆都仑区
54%
黑龙江省 哈尔滨市 1120185 香坊区
54%
安徽省 宿州市 1766285 埇桥区
54%
安徽省 阜阳市 1658442 临泉县
54%
江西省 南昌市 1307366 青山湖区
54%
江西省 上饶市 1184097 鄱阳县
54%
江西省 宜春市 1121707 袁州区
54%
广西壮族自治区 南宁市 1643819 西乡塘区
54%
广西壮族自治区 玉林市 1390612 博白县
54%
海南省 海口市 655553 琼山区
54%
海南省 海口市 567108 秀英区
54%
云南省 曲靖市 996279 麒麟区
54%
西藏自治区 拉萨市 137451 堆龙德庆区
54%
陕西省 西安市 1020259 灞桥区
54%
甘肃省 武威市 885277 凉州区
54%
青海省 海东市 337941 互助土族自治县
54%
河北省 秦皇岛市 1165000 海港区
46%
内蒙古自治区 赤峰市 706312 松山区
46%
辽宁省 鞍山市 1067905 海城市
46%
吉林省 长春市 1066422 南关区
46%
吉林省 长春市 856177 宽城区
46%
安徽省 亳州市 1537231 谯城区
46%
安徽省 阜阳市 1379982 太和县
46%
山东省 临沂市 1940000 兰山区
46%
河南省 商丘市 1256409 永城市
46%
广西壮族自治区 玉林市 1211637 北流市
46%
贵州省 毕节市 1280116 威宁彝族回族苗族自治县
46%
贵州省 贵阳市 1056819 云岩区
46%
西藏自治区 日喀则市 158290 桑珠孜区
46%
西藏自治区 昌都市 148511 卡若区
46%
甘肃省 天水市 556102 麦积区
46%
青海省 西宁市 403368 大通回族土族自治县
46%
宁夏回族自治区 固原市 471329 原州区
46%
新疆维吾尔自治区 乌鲁木齐市 799539 沙依巴克区
46%
河北省 石家庄市 979646 桥西区
38%
贵州省 贵阳市 1047792 南明区
38%
云南省 昭通市 1349795 镇雄县
38%
西藏自治区 那曲市 104490 色尼区
38%
甘肃省 天水市 656689 秦州区
38%
宁夏回族自治区 银川市 643952 金凤区
38%
山西省 临汾市 959198 尧都区
31%
辽宁省 沈阳市 1066062 于洪区
31%
广西壮族自治区 钦州市 1218140 灵山县
31%
新疆维吾尔自治区 喀什地区 860800 莎车县
31%
宁夏回族自治区 吴忠市 460790 利通区
23%
No matching quizzes found
Score Distribution
Percent of People with Each Score
Percentile by Number Answered
Your Score History
You have not taken this quiz